Statistiques concernant Reliez la chanteuse française à sa chanson

Cliquez ici pour prendre le quiz!

Statistiques générales

  • Ce quiz a été pris 811 fois
  • Le résultat moyen est 11 sur 17

Statistiques - réponses

HintRéponse% Correct
AngèleBruxelles je t'aime
93%
Céline DionPour que tu m'aimes encore
91%
Clara LucianiLa grenade
89%
Edith PiafNon, je ne regrette rien
89%
Mylène FarmerDésenchantée
83%
ZazieJe suis un homme
82%
France GallRésiste
80%
DalidaMourir sur scène
78%
Véronique SansonChanson sur ma drole de vie
69%
Vanessa ParadisDivine Idylle
67%
Patricia KaasMon mec à moi
63%
Françoise HardyTous les garçons et les filles
56%
BarbaraDis, quand reviendras-tu ?
46%
Isabelle BoulayParle-moi
41%
Jeanne MoreauLe Tourbillon
39%
Izïa HigelinLa Vague
36%
SuzaneBelladonna
34%

Distribution des résultats

Percentile par nombre de réponses

% des personnes avec chaque résultat

Votre développement - résultats

Vous n’avez pas pris ce quiz